Maths Xpert (Record no. 176300)

MARC details
000 -LEADER
fixed length control field 00354nam a22001697a 4500
005 - DATE AND TIME OF LATEST TRANSACTION
control field 20251003152727.0
020 ## - INTERNATIONAL STANDARD BOOK NUMBER
ISBN 978-93-6958-592-2
041 ## - LANGUAGE CODE
Language code of text/sound track or separate title English
082 ## - DEWEY DECIMAL CLASSIFICATION NUMBER
Classification number 001 R25 AGG
100 ## - MAIN ENTRY--AUTHOR NAME
Personal name Aggarwal Ashish
245 ## - TITLE STATEMENT
Title Maths Xpert
250 ## - EDITION STATEMENT
Edition statement 1
260 ## - PUBLICATION, DISTRIBUTION, ETC. (IMPRINT)
Place of publication New Delhi
Name of publisher S.Chand
Year of publication 2025
300 ## - PHYSICAL DESCRIPTION
Number of Pages 380
365 ## - TRADE PRICE
Price amount 425.00
942 ## - ADDED ENTRY ELEMENTS (KOHA)
Koha item type Books
Holdings
Withdrawn status Lost status Home library Current library Shelving location Date acquired Cost, normal purchase price Full call number Accession Number Cost, replacement price Department Koha item type
    PSG-CAS LIBRARY PSG-CAS LIBRARY Compitive Exam Study Centre 03/10/2025 425.00 001 R25 AGG 152208 425.00 Competitive Exams Books

Contact Us:

PSGCAS LIBRARY
Phone: 04224303300
Website: http://www.psgcas.ac.in/ | Email: psgcaslib@gmail.com


You are Visitor Number

web counter